000
00325pab a2200145 454500
008
180718b2005 xxu||||| |||| 00| 0 eng d
100
_a
Gupta, Nikhil Jaiprakash
245
_a
Where is the fear?
260
_c
2005
300
_a
p.8-11.
362
_a
FebMar
650
_a
Police
773
_a
CBI Bulletin
909
_a
65602
999
_c
65602
_d
65602